书目信息 |
| 题名: |
西北实业公司纺织史研究
|
|
| 作者: | 赵军, , 杨小明, 著 | |
| 分册: | ||
| 出版信息: | 上海 上海人民出版社 2015.12 |
|
| 页数: | 293页 | |
| 开本: | 21cm | |
| 丛书名: | ||
| 单 册: | ||
| 中图分类: | F426.81 | |
| 科图分类: | ||
| 主题词: | 纺织工业--fang zhi gong ye--工业史--研究--太原--近代 | |
| 电子资源: | ||
| ISBN: | 978-7-208-13483-6 | |
| 000 | 01406nam0 2200277 450 | |
| 001 | 0100195287 | |
| 005 | 20201117095117.56 | |
| 010 | @a978-7-208-13483-6@dCNY48.00 | |
| 100 | @a20160125d2015 em y0chiy50 ea | |
| 101 | 0 | @achi |
| 102 | @aCN@b310000 | |
| 105 | @aak a 000yy | |
| 106 | @ar | |
| 200 | 1 | @a西北实业公司纺织史研究@Axi bei shi ye gong si fang zhi shi yan jiu@f赵军, 杨小明著@Fzhao jun , yang xiao ming zhu |
| 210 | @a上海@c上海人民出版社@d2015.12 | |
| 215 | @a293页@c图@d21cm | |
| 320 | @a有书目 | |
| 330 | @a本书以西北实业公司纺织企业为例, 透视近代山西纺织技术的发展历程。在清末民国这样一个交织着传统与现代、保守与进步、战乱与就往、闭关与开放等多种矛盾的近代中国, 纺织的引进与创新, 纺织工业的发展, 与山西近代的历史时期、社会环境、文化背景都有着深刻的联系, 是技术体制化和本土化风云激荡、东西碰撞的伟大产物。因此, 在科学技术史的视域下, 书写近代西北实业公司旗下纺织企业的历史, 不单单是纺织技术的发展史, 更是纺织技术的社会史。只有当起点回到历史时期中, 在社会文化中描摹, 才能将技术发展、工业建设与社会变迁的关系更清晰地呈现出来, 以裨益于今天的纺织工业文化的保护和建设。 | |
| 540 | @a西北实业公司纺织史研究 | |
| 606 | 0 | @a纺织工业@Afang zhi gong ye@x工业史@x研究@y太原@z近代 |
| 690 | @aF426.81@v5 | |
| 701 | 0 | @a赵军,@Azhao jun@f1980-@4著 |
| 701 | 0 | @a杨小明,@Ayang xiao ming@f1964-@4著 |
| 801 | @aCN | |
| 901 | @a22 | |
| 905 | @a河南城建学院图书馆@b1294853-5@dF426.81@eZ305@f3 | |
| 西北实业公司纺织史研究/赵军, 杨小明著.-上海:上海人民出版社,2015.12 |
| 293页:图;21cm |
| ISBN 978-7-208-13483-6:CNY48.00 |
| 本书以西北实业公司纺织企业为例, 透视近代山西纺织技术的发展历程。在清末民国这样一个交织着传统与现代、保守与进步、战乱与就往、闭关与开放等多种矛盾的近代中国, 纺织的引进与创新, 纺织工业的发展, 与山西近代的历史时期、社会环境、文化背景都有着深刻的联系, 是技术体制化和本土化风云激荡、东西碰撞的伟大产物。因此, 在科学技术史的视域下, 书写近代西北实业公司旗下纺织企业的历史, 不单单是纺织技术的发展史, 更是纺织技术的社会史。只有当起点回到历史时期中, 在社会文化中描摹, 才能将技术发展、工业建设与社会变迁的关系更清晰地呈现出来, 以裨益于今天的纺织工业文化的保护和建设。 |
| ● |
| 相关链接 |
|
|
|
正题名:西北实业公司纺织史研究
索取号:F426.81/Z305
 
预约/预借
| 序号 | 登录号 | 条形码 | 馆藏地/架位号 | 状态 | 备注 |
| 1 | 1294853 | 212948534 | 社科二线422/409社科库 36排6列2层/ [索取号:F426.81/Z305] | 在馆 | |
| 2 | 1294854 | 212948541 | 社科库409/409社科库 36排6列2层/ [索取号:F426.81/Z305] | 在馆 | |
| 3 | 1294855 | 212948558 | 社科库409/409社科库 36排6列2层/ [索取号:F426.81/Z305] | 在馆 |